Combinatorial algorithms, 1972-1973 /
Guardado en:
| Autor Principal: | |
|---|---|
| Formato: | Libro |
| Idioma: | English |
| Publicado: |
[New York] :
Courant Institute of Mathematical Sciences, New York University,
[1973]
|
| Materias: | |
| Etiquetas: |
Agregar Etiqueta
Sin Etiquetas, Sea el primero en etiquetar este registro!
|
| LEADER | 00715cam a2200205 a 4500 | ||
|---|---|---|---|
| 001 | MAT.inmabb005846 | ||
| 008 | 730430s1973####nyua#####b####000#0#eng## | ||
| 005 | 20170512153928.0 | ||
| 245 | 1 | 0 | |a Combinatorial algorithms, 1972-1973 / |c Notes by Chester Frankfeldt and Alan E. Kaplan. |
| 260 | |a [New York] : |b Courant Institute of Mathematical Sciences, New York University, |c [1973] | ||
| 300 | |a vi, 104 p. : |b il. ; |c 28 cm. | ||
| 504 | |a Incluye referencias bibliográficas. | ||
| 510 | 4 | |a MR, |c 50 #12736 | |
| 100 | 1 | |a Whitehead, Earl Glen. | |
| 650 | 0 | |a Combinatorial analysis. | |
| 650 | 0 | |a Algorithms. | |
| 084 | |a *CODIGO* |2 MR | ||
| 010 | |a 73159634 | ||
| 040 | |a DLC |c DLC |d DLC | ||
| 859 | |h 05 |i W592 |p A-4435 |b BIB. MATEMATICA | ||
